| 000 | 00731nam a2200229 a 4500 | ||
|---|---|---|---|
| 001 | 13600 | ||
| 003 | BD-JhCC | ||
| 005 | 20240302163834.0 | ||
| 008 | 171128s20062021bg |||| ||a| 000 0 ben d | ||
| 020 | _a9847013303437 | ||
| 035 | _a(BD-JhCC)13600 | ||
| 040 |
_aBD-JhCC _dBD-JhCC |
||
| 041 | _abengali | ||
| 082 |
_a954.140359 _bKAR 2021 |
||
| 100 | _a করিম, আবদুল | ||
| 245 |
_aবাংলার মুসলমানদের সামাজিক ইতিহাস / _cআবদুল করিম । |
||
| 260 |
_aঢাকা : _bকাকলী প্রকাশনী, _c2021. |
||
| 300 |
_a320 p. : _c22 cm. |
||
| 650 |
_aSocial history _y Muslims in Bengali |
||
| 942 |
_2ddc _cBK |
||
| 999 |
_c13600 _d13600 |
||